00928nam a2200193 u 450000100100000000500170001000800410002704000250006808200100009310000480010324501310015126001130028230000180039550000210041350000430043495201180047795201240059599900150071900000264020200929150227.0090703s2002 dr a r 000 0 spa d aDO-SdBNPbspacBNPHU bR696e1 aRodríguez Román, Francisco José9833013aLa experiencia exitosa de gestión tributaria municipal del ayuntamiento de Santiago /cFrancisco José Rodríguez Román. aRepública Dominicana :bDirección General de Impuestos InternosbCooperación Técnica Alemana,c2002. bil. ;c22 cm. aIncluye índice aLecciones aprendidas y recomendaciones 001054708PDaPDbPDcCTd2009-07-03iLF1l0o R696ep2640-10r2020-06-25w2020-06-25yLFPDZPréstamo en sala 001053728PDaPDbPDcCTd2009-07-07iLF1l0o R696ep2640-20r2020-06-25te. 2w2020-06-25yLFPDZPréstamo en sala c2476d2476